000 00741nam a2200241 i 4500
001 9500
003 ES-MaACL
005 20230906145703.0
007 t|
008 931004s1992 sp ||||1| spa d
020 _a84-7844-134-4
080 _a726.7(464.1Escorial)
100 1 _aTaylor, René.
_9109467
245 1 0 _aArquitectura y magia
_b: consideraciones sobre la idea de El Escorial /
_cRené Taylor.
260 _aMadrid :
_bSiruela,
_cD.L.1992.
300 _a222 p. :
_bil. ;
_c24 cm.
490 1 _aLa biblioteca sumergida ;
_v2
500 _aApéndices.
610 2 _aMonasterio de El Escorial.
_95729
830 0 _aLa biblioteca sumergida ;
_v2
_9178504
852 _aES-MaACL
_jL-16798
_bR.121544
999 _c9500
_d9500